[Event "CZE-chT2F 1920"]
[Site "Czech Republic"]
[Date "2020.02.09"]
[Round "8.5"]
[White "Bachorik, Otto"]
[Black "Pan, Vladimir"]
[Result "1/2-1/2"]
[WhiteElo "2111"]
[BlackElo "2001"]
[PlyCount "32"]
[EventDate "2019.10.13"]
[EventType "team-tourn"]
[EventRounds "11"]
[EventCountry "CZE"]
[SourceTitle "EXT 2024"]
[Source "ChessBase"]
[SourceDate "2023.10.10"]
[SourceVersion "1"]
[SourceVersionDate "2023.10.10"]
[SourceQuality "1"]
[WhiteTeam "Ostrava Labortech II"]
[BlackTeam "Vrbno pod Pradedem"]
[WhiteTeamCountry "CZE"]
[BlackTeamCountry "CZE"]

1. e4 e5 2. Nf3 Nc6 3. Bb5 a6 4. Ba4 Nf6 5. 0-0 Be7 6. Re1 b5 7. Bb3 d6 8. c3 0-0 9. h3 Na5 10. Bc2 c5 11. d4 Qc7 12. Nbd2 cxd4 13. cxd4 Bb7 14. d5 Rac8 15. Bb1 Nh5 16. Nf1 Nf4 1/2-1/2

[Event "CZE-chT2F 1920"]
[Site "Czech Republic"]
[Date "2019.10.13"]
[Round "1.7"]
[White "Bachorik, Otto"]
[Black "Funiok, Marcel"]
[Result "1/2-1/2"]
[WhiteElo "2137"]
[BlackElo "2087"]
[PlyCount "81"]
[EventDate "2019.10.13"]
[EventType "team-tourn"]
[EventRounds "11"]
[EventCountry "CZE"]
[SourceTitle "EXT 2024"]
[Source "ChessBase"]
[SourceDate "2023.10.10"]
[SourceVersion "1"]
[SourceVersionDate "2023.10.10"]
[SourceQuality "1"]
[WhiteTeam "Ostrava Labortech II"]
[BlackTeam "Havirov Banik"]
[WhiteTeamCountry "CZE"]
[BlackTeamCountry "CZE"]

1. Nf3 Nf6 2. d4 e6 3. c4 b6 4. e3 Bb7 5. Be2 Be7 6. 0-0 0-0 7. Nc3 d6 8. b3 Nbd7 9. Bb2 Ne4 10. Qc2 f5 11. Rad1 Ndf6 12. Ne1 Nxc3 13. Qxc3 Qe8 14. Nd3 Ne4 15. Qc2 Rd8 16. f3 Nf6 17. Nf4 Bc8 18. Bd3 Nh5 19. Ne2 g6 20. Kh1 Bf6 21. e4 fxe4 22. Bxe4 Bg5 23. Rfe1 Qf7 24. Qc3 Bh6 25. b4 Bg7 26. Qa3 a6 27. Qe3 Nf4 28. Nxf4 Qxf4 29. Qxf4 Rxf4 30. Bc1 Rf7 31. Bc6 Bf6 32. a3 Kg7 33. Kg1 Re7 34. Bf4 Rf8 35. Bg3 g5 36. Re4 h6 37. Rde1 Rff7 38. f4 Kg6 39. d5 exd5 40. Bxd5 Rg7 41. fxg5 1/2-1/2

[Event "CZE-chT2F 1819"]
[Site "Czech Republic"]
[Date "2018.12.16"]
[Round "5.6"]
[White "Cempel, Jaroslav"]
[Black "Bachorik, Otto"]
[Result "1-0"]
[WhiteElo "2078"]
[BlackElo "2166"]
[PlyCount "109"]
[EventDate "2018.10.14"]
[EventType "team-tourn"]
[EventRounds "11"]
[EventCountry "CZE"]
[SourceTitle "EXT 2022"]
[Source "ChessBase"]
[SourceDate "2021.10.06"]
[SourceVersion "1"]
[SourceVersionDate "2021.10.06"]
[SourceQuality "1"]
[WhiteTeam "Poruba Slavoj II"]
[BlackTeam "Ostrava Labortech II"]
[WhiteTeamCountry "CZE"]
[BlackTeamCountry "CZE"]

1. e4 c5 2. Nf3 d6 3. b3 Nf6 4. Nc3 Nc6 5. Bb5 Bd7 6. Bb2 a6 7. Be2 b5 8. d3 e6 9. 0-0 Be7 10. a4 b4 11. Nb1 0-0 12. Nbd2 e5 13. Nc4 Bg4 14. Ne3 Bxf3 15. Bxf3 Nd4 16. Bxd4 cxd4 17. Nc4 Qc7 18. a5 Rab8 19. g3 Rb5 20. Ra2 Bd8 21. Qe2 Nd7 22. Bg2 Nb8 23. f4 Nc6 24. Rfa1 Qb8 25. Bh3 Qc7 26. Qg4 Nb8 27. Nb6 Qc5 28. Nc4 exf4 29. Qxf4 d5 30. exd5 Qxd5 31. Bg2 Qc5 32. Qe4 Bc7 33. Bh3 h6 34. Rf1 Qd5 35. Qe2 Nd7 36. Qe7 Rd8 37. Rxf7 Qxf7 38. Be6 Qxe6 39. Qxe6+ Kh8 40. Qxa6 Rbb8 41. Ra1 Be5 42. Qg6 Bf6 43. Re1 Nf8 44. Qf5 Ra8 45. Kg2 Rdb8 46. h4 Ra7 47. Kh3 Rab7 48. a6 Ra7 49. Ra1 Nd7 50. Ra5 Rf8 51. Qe6 Bd8 52. Rd5 Nf6 53. Rxd4 Re8 54. Qxe8+ Nxe8 55. Rxd8 1-0

[Event "CZE-chT2F 1819"]
[Site "Czech Republic"]
[Date "2018.12.02"]
[Round "4.5"]
[White "Pilch, Roman"]
[Black "Bachorik, Otto"]
[Result "1-0"]
[WhiteElo "2169"]
[BlackElo "2166"]
[PlyCount "65"]
[EventDate "2018.10.14"]
[EventType "team-tourn"]
[EventRounds "11"]
[EventCountry "CZE"]
[SourceTitle "EXT 2022"]
[Source "ChessBase"]
[SourceDate "2021.10.06"]
[SourceVersion "1"]
[SourceVersionDate "2021.10.06"]
[SourceQuality "1"]
[WhiteTeam "Trinec II"]
[BlackTeam "Ostrava Labortech II"]
[WhiteTeamCountry "CZE"]
[BlackTeamCountry "CZE"]

1. Nf3 Nf6 2. g3 g6 3. b3 Bg7 4. Bb2 0-0 5. Bg2 c5 6. 0-0 Nc6 7. c4 d6 8. Nc3 a6 9. Rc1 Rb8 10. d4 cxd4 11. Nxd4 Bd7 12. c5 Nxd4 13. Qxd4 Ne8 14. Qb4 dxc5 15. Qxc5 Nd6 16. Qb4 b5 17. Rc2 a5 18. Qf4 Rc8 19. Rfc1 Be6 20. Qd2 Bf5 21. e4 Bxc3 22. Bxc3 Nxe4 23. Bxe4 Bxe4 24. Qh6 Rxc3 25. Rxc3 Qa8 26. Qe3 Rd8 27. f3 b4 28. Rc7 Bxf3 29. Qxe7 Qd5 30. Qxd8+ Qxd8 31. Rc8 Qxc8 32. Rxc8+ Kg7 33. Kf2 1-0

[Event "CZE-chT2F 1819"]
[Site "Czech Republic"]
[Date "2018.11.18"]
[Round "3.5"]
[White "Bachorik, Otto"]
[Black "Fojtik, Vlastislav"]
[Result "1-0"]
[WhiteElo "2149"]
[BlackElo "2040"]
[PlyCount "113"]
[EventDate "2018.10.14"]
[EventType "team-tourn"]
[EventRounds "11"]
[EventCountry "CZE"]
[SourceTitle "EXT 2022"]
[Source "ChessBase"]
[SourceDate "2021.10.06"]
[SourceVersion "1"]
[SourceVersionDate "2021.10.06"]
[SourceQuality "1"]
[WhiteTeam "Ostrava Labortech II"]
[BlackTeam "Vrbno pod Pradedem"]
[WhiteTeamCountry "CZE"]
[BlackTeamCountry "CZE"]

1. Nf3 g6 2. c4 Nf6 3. Nc3 d6 4. d4 Bg7 5. g3 0-0 6. Bg2 c6 7. 0-0 Qc7 8. e4 e5 9. h3 Re8 10. Re1 Nbd7 11. Kh2 Nf8 12. Be3 Bd7 13. Rc1 Rad8 14. Qd2 h5 15. b4 b6 16. Qd3 N8h7 17. d5 c5 18. Nb5 Bxb5 19. cxb5 Nd7 20. Nd2 Bf8 21. Rc2 Qb7 22. Rec1 Rb8 23. Bf1 Rec8 24. a3 cxb4 25. axb4 Ndf6 26. Rc6 Ne8 27. Qc2 Rd8 28. Ra1 Qe7 29. Ra3 Rd7 30. Be2 f6 31. Qd3 Qf7 32. f4 Ng7 33. Qc3 Ne8 34. Bc4 Be7 35. fxe5 fxe5 36. Ra1 Bf6 37. Rf1 Qg7 38. Be2 Bg5 39. Bxg5 Nxg5 40. Qe3 Nf7 41. g4 Nd8 42. gxh5 Nxc6 43. dxc6 Rc7 44. Rg1 Kh8 45. hxg6 Nf6 46. Qg5 Ng8 47. Rg4 Nf6 48. Rg3 Kg8 49. Bc4+ Kf8 50. Rf3 Ke7 51. Qf5 Rf8 52. Qe6+ Kd8 53. Qxd6+ Kc8 54. Be6+ Kb8 55. Nc4 Qe7 56. Qxe5 Nd7 57. Bxd7 1-0

[Event "CZE-chT2F 1819"]
[Site "Czech Republic"]
[Date "2018.11.04"]
[Round "2.5"]
[White "Podlesny, Pavel"]
[Black "Bachorik, Otto"]
[Result "0-1"]
[WhiteElo "2154"]
[BlackElo "2149"]
[PlyCount "101"]
[EventDate "2018.10.14"]
[EventType "team-tourn"]
[EventRounds "11"]
[EventCountry "CZE"]
[SourceTitle "EXT 2022"]
[Source "ChessBase"]
[SourceDate "2021.10.06"]
[SourceVersion "1"]
[SourceVersionDate "2021.10.06"]
[SourceQuality "1"]
[WhiteTeam "Havirov Banik"]
[BlackTeam "Ostrava Labortech II"]
[WhiteTeamCountry "CZE"]
[BlackTeamCountry "CZE"]

1. d4 Nf6 2. c4 e6 3. Nc3 d5 4. Bf4 c6 5. e3 Bd6 6. Bxd6 Qxd6 7. Nf3 Nbd7 8. c5 Qe7 9. Be2 0-0 10. 0-0 b6 11. b4 Bb7 12. Qc2 e5 13. a4 e4 14. Nd2 a5 15. Rfb1 axb4 16. Rxb4 Ba6 17. Nb3 bxc5 18. dxc5 Nxc5 19. Nd4 Nd3 20. Rb6 c5 21. Nf5 Qe5 22. Ng3 Nb4 23. Qc1 Nd7 24. Rxa6 Nxa6 25. Bb5 Nf6 26. Rb1 Nb4 27. Qd2 Rfd8 28. Nce2 Ne8 29. Nd4 Qc7 30. Nc2 Nxc2 31. Qxc2 Nd6 32. Ne2 Nxb5 33. axb5 Rd6 34. h3 h6 35. Nc3 Qa5 36. Ne2 Qa2 37. Qd1 Rb8 38. Nc3 Qc4 39. Qe1 f5 40. Rc1 Qb4 41. Rb1 Qa5 42. Ra1 Qd8 43. Qb1 Qd7 44. Qb3 Kh7 45. Rb1 Rdb6 46. Rd1 d4 47. Qc4 Rd6 48. Ne2 dxe3 49. Rb1 Rd1+ 50. Rxd1 Qxd1+ 51. Kh2 0-1

[Event "CZE-chT2F 1718"]
[Site "Czech Republic"]
[Date "2018.04.08"]
[Round "11.3"]
[White "Janyska, Pavel"]
[Black "Bachorik, Otto"]
[Result "1/2-1/2"]
[WhiteElo "2142"]
[BlackElo "2142"]
[PlyCount "28"]
[EventDate "2017.10.15"]
[EventType "team-tourn"]
[EventRounds "11"]
[EventCountry "CZE"]
[SourceTitle "EXT 2022"]
[Source "ChessBase"]
[SourceDate "2021.10.06"]
[SourceVersion "1"]
[SourceVersionDate "2021.10.06"]
[SourceQuality "1"]
[WhiteTeam "Vrbno pod Pradedem"]
[BlackTeam "Ostrava Labortech II"]
[WhiteTeamCountry "CZE"]
[BlackTeamCountry "CZE"]

1. e4 c5 2. Nc3 e6 3. f4 Nc6 4. Nf3 Nge7 5. g3 d5 6. d3 d4 7. Ne2 g6 8. Bg2 Bg7 9. 0-0 0-0 10. Bd2 b6 11. a3 a5 12. e5 Bb7 13. g4 Nd5 14. Ng3 f6 1/2-1/2

[Event "CZE-chT2F 1718"]
[Site "Czech Republic"]
[Date "2017.12.17"]
[Round "5.4"]
[White "Bachorik, Otto"]
[Black "Gibiec, Ernest"]
[Result "1/2-1/2"]
[WhiteElo "2142"]
[BlackElo "2165"]
[PlyCount "44"]
[EventDate "2017.10.15"]
[EventType "team-tourn"]
[EventRounds "11"]
[EventCountry "CZE"]
[SourceTitle "EXT 2022"]
[Source "ChessBase"]
[SourceDate "2021.10.06"]
[SourceVersion "1"]
[SourceVersionDate "2021.10.06"]
[SourceQuality "1"]
[WhiteTeam "Ostrava Labortech II"]
[BlackTeam "Karvina"]
[WhiteTeamCountry "CZE"]
[BlackTeamCountry "CZE"]

1. d4 d5 2. Nf3 Nf6 3. c4 c6 4. cxd5 cxd5 5. Nc3 Nc6 6. Bf4 a6 7. a3 Bf5 8. e3 e6 9. Bd3 Bxd3 10. Qxd3 Bd6 11. Bxd6 Qxd6 12. b4 0-0 13. 0-0 b5 14. Nd2 Nd7 15. Nb3 Nb6 16. Nc5 Nc4 17. Rfb1 Rfb8 18. a4 bxa4 19. Rxa4 a5 20. b5 N6e5 21. Qe2 Nd7 22. Nd3 Rc8 1/2-1/2

[Event "CZE-chT2F 1516"]
[Site "Czech Republic"]
[Date "2016.04.18"]
[Round "11.46"]
[White "Blaha, Petr"]
[Black "Bachorik, Otto"]
[Result "0-1"]
[WhiteElo "2032"]
[BlackElo "2167"]
[PlyCount "98"]
[EventDate "2015.10.18"]
[EventType "team-tourn"]
[EventRounds "11"]
[EventCountry "CZE"]
[SourceTitle "EXT 2022"]
[Source "ChessBase"]
[SourceDate "2021.10.06"]
[SourceVersion "1"]
[SourceVersionDate "2021.10.06"]
[SourceQuality "1"]
[WhiteTeam "Stare Mesto II"]
[BlackTeam "Ostrava Labortech II"]
[WhiteTeamCountry "CZE"]
[BlackTeamCountry "CZE"]

1. d4 d5 2. Nf3 Nf6 3. c4 e6 4. Nc3 Nbd7 5. e3 Be7 6. Qc2 0-0 7. Bd3 dxc4 8. Bxc4 c5 9. 0-0 a6 10. Rd1 b5 11. Be2 Qc7 12. Nb1 Bb7 13. Nbd2 Rac8 14. dxc5 Bxc5 15. Nb3 Qb6 16. Qd2 Rfd8 17. Qe1 Ne4 18. Bd2 Nxd2 19. Nfxd2 Be7 20. Nf3 Bf6 21. Rd2 Nc5 22. Rxd8+ Rxd8 23. Nxc5 Qxc5 24. Rc1 Qe7 25. Rc2 h6 26. a3 Be4 27. Rd2 Rc8 28. Nd4 Rc5 29. Bd3 Bb7 30. h3 Qc7 31. Nb3 Rg5 32. f4 Rd5 33. e4 Rd7 34. e5 Be7 35. Bf1 Bd5 36. Nd4 Bc5 37. Kh2 Qb6 38. Nc2 g6 39. Qd1 Be3 40. Nxe3 Qxe3 41. g3 Bf3 42. Re2 Bxe2 43. Qxd7 Bxf1 44. Qc6 Qf2+ 45. Kh1 Bxh3 46. f5 gxf5 47. a4 Bg4 48. Qc8+ Kg7 49. Qc5 Bf3# 0-1

[Event "CZE-chT2F 1516"]
[Site "Czech Republic"]
[Date "2016.03.13"]
[Round "9.57"]
[White "Bachorik, Otto"]
[Black "Melecky, Jaroslav"]
[Result "1/2-1/2"]
[WhiteElo "2167"]
[BlackElo "1977"]
[PlyCount "116"]
[EventDate "2015.10.18"]
[EventType "team-tourn"]
[EventRounds "11"]
[EventCountry "CZE"]
[SourceTitle "EXT 2022"]
[Source "ChessBase"]
[SourceDate "2021.10.06"]
[SourceVersion "1"]
[SourceVersionDate "2021.10.06"]
[SourceQuality "1"]
[WhiteTeam "Ostrava Labortech II"]
[BlackTeam "Benesov Dolni"]
[WhiteTeamCountry "CZE"]
[BlackTeamCountry "CZE"]

1. Nf3 d5 2. d4 Nf6 3. c4 c6 4. Qc2 e6 5. Bg5 Be7 6. Nbd2 0-0 7. e3 Nbd7 8. Bd3 h6 9. Bh4 a6 10. 0-0 b5 11. b3 Bb7 12. a4 b4 13. Rac1 Rc8 14. c5 e5 15. dxe5 Ng4 16. Bxe7 Qxe7 17. Bf5 h5 18. h3 Nh6 19. Bxd7 Qxd7 20. Nd4 Rce8 21. f4 Qe7 22. N2f3 a5 23. Ng5 g6 24. e6 f5 25. Ngf3 Rf6 26. Ne5 Qc7 27. Qf2 Kh7 28. Nd7 Rfxe6 29. Nf8+ Rxf8 30. Nxe6 Qe7 31. Nxf8+ Qxf8 32. Qh4 Kg7 33. Qf2 Ba6 34. Qb2+ Kf7 35. Rfd1 Qe8 36. Kf2 Ng8 37. Qh8 Nf6 38. Qxe8+ Kxe8 39. Rd4 Kf7 40. Kg3 Ne4+ 41. Kf3 Nc3 42. Rc2 Ne4 43. Rd1 h4 44. Rd4 Bc8 45. Rd1 Kf6 46. Ke2 Ba6+ 47. Ke1 Bc8 48. Rd4 Ba6 49. Kd1 Ke6 50. Ke1 Kf6 51. Rxe4 fxe4 52. Kf2 Kf5 53. Rd2 Bc8 54. g3 hxg3+ 55. Kxg3 Be6 56. Rd4 Bf7 57. Kf2 Be6 58. Rd1 Kf6 1/2-1/2

[Event "CZE-chT2F 1516"]
[Site "Czech Republic"]
[Date "2016.02.07"]
[Round "7.66"]
[White "Sieber, Martin"]
[Black "Bachorik, Otto"]
[Result "1/2-1/2"]
[WhiteElo "2096"]
[BlackElo "2167"]
[PlyCount "134"]
[EventDate "2015.10.18"]
[EventType "team-tourn"]
[EventRounds "11"]
[EventCountry "CZE"]
[SourceTitle "EXT 2022"]
[Source "ChessBase"]
[SourceDate "2021.10.06"]
[SourceVersion "1"]
[SourceVersionDate "2021.10.06"]
[SourceQuality "1"]
[WhiteTeam "Havirov Slovan"]
[BlackTeam "Ostrava Labortech II"]
[WhiteTeamCountry "CZE"]
[BlackTeamCountry "CZE"]

1. d4 d5 2. Nf3 Nf6 3. c4 e6 4. Nc3 Be7 5. Bf4 0-0 6. e3 a6 7. a3 dxc4 8. Bxc4 b5 9. Be2 Bb7 10. 0-0 c5 11. dxc5 Bxc5 12. Rc1 Qb6 13. b4 Be7 14. Nd4 Nc6 15. Nxc6 Bxc6 16. Bf3 Bxf3 17. Qxf3 a5 18. Be5 axb4 19. axb4 Rac8 20. Qe2 Rc4 21. Nxb5 Rxb4 22. Bxf6 Bxf6 23. Rb1 Rxb1 24. Rxb1 Rd8 25. Qc2 Qa5 26. g3 g6 27. Qc7 Qxc7 28. Nxc7 Rc8 29. Na6 Kg7 30. Rb7 Be5 31. Kg2 Rc2 32. Rd7 h5 33. Nb4 Rc7 34. Rxc7 Bxc7 35. Kf3 Bb6 36. Ke4 Kf6 37. Nc6 Bc5 38. h3 Ba3 39. f3 Bb2 40. Kd3 Bc1 41. Na5 Ba3 42. Kc4 Bd6 43. g4 Kg5 44. Kd3 Kh4 45. Nc4 Bc7 46. Ke2 Kxh3 47. gxh5 gxh5 48. Kf2 Bg3+ 49. Kg1 Bb8 50. Kf2 Bc7 51. Nd2 Bg3+ 52. Kg1 Be1 53. Ne4 f5 54. Ng5+ Kg3 55. Nxe6 Kxf3 56. Nd4+ Ke4 57. Nxf5 Kxf5 58. Kh1 Ke4 59. Kh2 Bf2 60. Kh1 Bg3 61. Kg1 Kf3 62. Kh1 h4 63. e4 Be5 64. Kg1 h3 65. Kh1 Kg3 66. Kg1 h2+ 67. Kh1 Kh3 1/2-1/2

[Event "CZE-chT2F 1213"]
[Site "Czech Republic"]
[Date "2012.11.18"]
[Round "3.57"]
[White "Bachorik, Otto"]
[Black "Dungl, Martin"]
[Result "1/2-1/2"]
[WhiteElo "2159"]
[BlackElo "2016"]
[PlyCount "86"]
[EventDate "2012.10.14"]
[EventType "team-tourn"]
[EventRounds "11"]
[EventCountry "CZE"]
[SourceTitle "EXT 2016"]
[Source "ChessBase"]
[SourceDate "2015.10.08"]
[SourceVersion "1"]
[SourceVersionDate "2015.10.08"]
[SourceQuality "1"]
[WhiteTeam "Ostrava Labortech II"]
[BlackTeam "Postoupky"]
[WhiteTeamCountry "CZE"]
[BlackTeamCountry "CZE"]

1. d4 Nf6 2. Nf3 e6 3. c4 Bb4+ 4. Nbd2 0-0 5. a3 Bxd2+ 6. Bxd2 Ne4 7. g3 Nxd2 8. Qxd2 b6 9. Bg2 Bb7 10. 0-0 d6 11. Rfe1 Nd7 12. e4 e5 13. Rad1 Qe7 14. d5 a5 15. b4 axb4 16. axb4 Ra4 17. Qb2 Rfa8 18. Ra1 Qe8 19. Nd2 Nf8 20. c5 Qb5 21. c6 Rxa1 22. Rxa1 Rxa1+ 23. Qxa1 Qa6 24. Qc3 Bc8 25. Bf1 Qa4 26. Kg2 h6 27. Be2 Nh7 28. h4 f5 29. Bc4 Nf6 30. exf5 Bxf5 31. f3 e4 32. b5 exf3+ 33. Qxf3 Qc2 34. Qe2 Ne4 35. Bd3 Qxd2 36. Qxd2 Bh3+ 37. Kxh3 Nxd2 38. Kg4 Kf7 39. Kf4 Kf6 40. Ke3 Nb3 41. Bc2 Nc5 42. Kf4 g6 43. Kg4 Kg7 1/2-1/2

[Event "CZE-chT2F 1213"]
[Site "Czech Republic"]
[Date "2012.11.04"]
[Round "2.26"]
[White "Bachorik, Otto"]
[Black "Trapl, Dalibor"]
[Result "1/2-1/2"]
[WhiteElo "2159"]
[BlackElo "2164"]
[PlyCount "55"]
[EventDate "2012.10.14"]
[EventType "team-tourn"]
[EventRounds "11"]
[EventCountry "CZE"]
[SourceTitle "EXT 2016"]
[Source "ChessBase"]
[SourceDate "2015.10.08"]
[SourceVersion "1"]
[SourceVersionDate "2015.10.08"]
[SourceQuality "1"]
[WhiteTeam "Ostrava Labortech II"]
[BlackTeam "Poruba VOKD"]
[WhiteTeamCountry "CZE"]
[BlackTeamCountry "CZE"]

1. Nf3 Nf6 2. c4 c5 3. Nc3 g6 4. g3 Bg7 5. Bg2 0-0 6. 0-0 Nc6 7. d4 cxd4 8. Nxd4 Ng4 9. e3 Nge5 10. b3 Nxd4 11. exd4 Nc6 12. Be3 d6 13. Rc1 e5 14. dxe5 dxe5 15. Nd5 f5 16. Qd2 Be6 17. Rfd1 Rf7 18. b4 e4 19. Bc5 Bxd5 20. Qxd5 Qxd5 21. cxd5 Ne5 22. Bf1 Bf8 23. Kg2 b6 24. Bd4 Bd6 25. Bb5 Rd8 26. Bxe5 Bxe5 27. Rc6 Rc7 28. Rxc7 1/2-1/2

[Event "CZE-chT1E 1112"]
[Site "Czech Republic"]
[Date "2012.02.12"]
[Round "8"]
[White "Bachorik, Otto"]
[Black "Zatloukal, Petr"]
[Result "1-0"]
[WhiteElo "2166"]
[BlackElo "2139"]
[PlyCount "69"]
[EventDate "2011.10.02"]
[EventType "team-tourn"]
[EventRounds "11"]
[EventCountry "CZE"]
[SourceTitle "EXT 2013"]
[Source "ChessBase"]
[SourceDate "2012.11.22"]
[SourceVersion "1"]
[SourceVersionDate "2012.11.22"]
[SourceQuality "1"]
[WhiteTeam "Ostrava Labortech II"]
[BlackTeam "Grygov II"]
[WhiteTeamCountry "CZE"]
[BlackTeamCountry "CZE"]

1. Nf3 Nf6 2. c4 g6 3. Nc3 Bg7 4. g3 0-0 5. Bg2 d5 6. cxd5 Nxd5 7. 0-0 Nc6 8. a3 e5 9. Qb3 Nb6 10. d3 Be6 11. Qc2 h6 12. b4 Kh7 13. Bb2 f5 14. Rac1 Qe7 15. b5 Na5 16. Nd2 Rac8 17. Na4 c6 18. Qc5 Qd8 19. Nxb6 axb6 20. Qe3 Bd5 21. Bxd5 Qxd5 22. Qxb6 Qxb5 23. Qxb5 cxb5 24. Nf3 Nb3 25. Rb1 Ra8 26. Bxe5 Bxe5 27. Rxb3 Bd6 28. Rxb5 Rf7 29. Rfb1 Rxa3 30. Rxb7 Ra7 31. Rxf7+ Rxf7 32. e3 g5 33. Kg2 Bc5 34. Rb5 Rc7 35. d4 1-0

[Event "CZE-chT1E 1112"]
[Site "Czech Republic"]
[Date "2012.01.15"]
[Round "6"]
[White "Vrana, Frantisek"]
[Black "Bachorik, Otto"]
[Result "1-0"]
[WhiteElo "2249"]
[BlackElo "2166"]
[PlyCount "103"]
[EventDate "2011.10.02"]
[EventType "team-tourn"]
[EventRounds "11"]
[EventCountry "CZE"]
[SourceTitle "EXT 2013"]
[Source "ChessBase"]
[SourceDate "2012.11.22"]
[SourceVersion "1"]
[SourceVersionDate "2012.11.22"]
[SourceQuality "1"]
[WhiteTeam "Stare Mesto"]
[BlackTeam "Ostrava Labortech II"]
[WhiteTeamCountry "CZE"]
[BlackTeamCountry "CZE"]

1. e4 c5 2. Nf3 Nc6 3. g3 g6 4. d4 cxd4 5. Nxd4 Bg7 6. Ne2 Qa5+ 7. Nbc3 Nf6 8. Bg2 0-0 9. 0-0 d6 10. Nd5 Be6 11. Bd2 Qd8 12. a4 Rc8 13. h3 Re8 14. Re1 Ne5 15. b3 Bxd5 16. exd5 Qc7 17. Ra2 a6 18. a5 Ned7 19. Be3 Kf8 20. Nf4 Nc5 21. Bd4 g5 22. Ne2 e5 23. dxe6 fxe6 24. c4 h6 25. Nc1 e5 26. Bc3 b5 27. axb6 Qxb6 28. Ba5 Qb8 29. Rd2 Re6 30. Qf3 Ke7 31. h4 g4 32. Qf5 Rf8 33. Qc2 h5 34. Rde2 Rf7 35. Bd2 Kf8 36. Qa2 Ree7 37. b4 Ne6 38. Bc3 Qb6 39. c5 dxc5 40. Rxe5 Ne4 41. R5xe4 Bxc3 42. Rxe6 Qxb4 43. Rxe7 Rxe7 44. Rxe7 Kxe7 45. Qxa6 Bd4 46. Qb7+ Qxb7 47. Bxb7 c4 48. Ne2 Be5 49. Be4 Kf6 50. Nf4 Bxf4 51. gxf4 c3 52. Kf1 1-0

[Event "CZE-chT1E 1112"]
[Site "Czech Republic"]
[Date "2011.12.11"]
[Round "5"]
[White "Silar, Lubomir"]
[Black "Bachorik, Otto"]
[Result "0-1"]
[WhiteElo "2154"]
[BlackElo "2166"]
[PlyCount "78"]
[EventDate "2011.10.02"]
[EventType "team-tourn"]
[EventRounds "11"]
[EventCountry "CZE"]
[SourceTitle "EXT 2013"]
[Source "ChessBase"]
[SourceDate "2012.11.22"]
[SourceVersion "1"]
[SourceVersionDate "2012.11.22"]
[SourceQuality "1"]
[WhiteTeam "Polabiny II"]
[BlackTeam "Ostrava Labortech II"]
[WhiteTeamCountry "CZE"]
[BlackTeamCountry "CZE"]

1. e4 c5 2. Nf3 d6 3. d4 cxd4 4. Nxd4 Nf6 5. Nc3 a6 6. a4 b6 7. Bc4 Bb7 8. f3 Qc7 9. Qe2 e6 10. Be3 Nc6 11. Nxc6 Qxc6 12. 0-0 Be7 13. a5 bxa5 14. Rxa5 0-0 15. Bd3 d5 16. exd5 exd5 17. Bd4 Bb4 18. Raa1 Rfe8 19. Qf2 Nh5 20. Qh4 g6 21. f4 Bc5 22. f5 Re4 23. Nxe4 dxe4 24. Bxc5 exd3 25. Rf2 Qxc5 26. cxd3 Ng7 27. fxg6 hxg6 28. Qf4 Nf5 29. Rc1 Qd5 30. Qg5 Re8 31. Rcf1 Re5 32. Qf6 Re6 33. Qg5 Kf8 34. Qd2 Re7 35. Rc1 Nd4 36. Qb4 Ke8 37. Rc5 Qd7 38. h3 Ne2+ 39. Kh1 Qxh3# 0-1

[Event "CZE-chT1E 1112"]
[Site "Czech Republic"]
[Date "2011.10.02"]
[Round "1.7"]
[White "Bachorik, Otto"]
[Black "Nehybka, Jiri"]
[Result "0-1"]
[WhiteElo "2166"]
[BlackElo "2245"]
[PlyCount "98"]
[EventDate "2011.10.02"]
[EventType "team-tourn"]
[EventRounds "11"]
[EventCountry "CZE"]
[SourceTitle "EXT 2012"]
[Source "ChessBase"]
[SourceDate "2011.11.24"]
[SourceVersion "1"]
[SourceVersionDate "2011.11.24"]
[SourceQuality "1"]
[WhiteTeam "Ostrava Labortech II"]
[BlackTeam "Brno Duras"]
[WhiteTeamCountry "CZE"]
[BlackTeamCountry "CZE"]

1. d4 d5 2. Nf3 Nf6 3. c4 e6 4. Nc3 Nbd7 5. Bg5 c6 6. e3 Qa5 7. Nd2 dxc4 8. Bxf6 Nxf6 9. Bxc4 Be7 10. 0-0 0-0 11. Qe2 e5 12. Nb3 Qc7 13. h3 exd4 14. Nxd4 c5 15. Nf3 a6 16. a4 Bd7 17. Rfd1 Bc6 18. Rac1 h6 19. Nh4 Rfd8 20. Nf5 Bf8 21. Rxd8 Rxd8 22. Rd1 Rd7 23. Qc2 Qd8 24. Rxd7 Qxd7 25. Bd3 Nd5 26. Nxd5 Bxd5 27. e4 Bc6 28. b3 g6 29. Ne3 Qd4 30. Nc4 b5 31. axb5 axb5 32. Nd2 Bd7 33. Nf1 Bd6 34. Be2 Bc6 35. Bd3 Bf4 36. Qe2 Qb4 37. Qc2 Bd7 38. g3 Be5 39. Kh2 Be6 40. Nd2 Bc3 41. Nb1 Bd4 42. Kg2 Bxb3 43. Qc1 c4 44. Bf1 Ba2 45. Qd2 Qxd2 46. Nxd2 c3 47. Nf3 c2 48. Nxd4 c1Q 49. Nxb5 Bc4 0-1

[Event "CZE-chT 1011"]
[Site "Czech Republic"]
[Date "2011.01.23"]
[Round "7.8"]
[White "Bachorik, Otto"]
[Black "Jedlicka, Ales"]
[Result "1/2-1/2"]
[WhiteElo "2159"]
[BlackElo "2261"]
[PlyCount "108"]
[EventDate "2010.11.05"]
[EventType "team-tourn"]
[EventRounds "11"]
[EventCountry "CZE"]
[SourceTitle "EXT 2012"]
[Source "ChessBase"]
[SourceDate "2011.11.24"]
[SourceVersion "1"]
[SourceVersionDate "2011.11.24"]
[SourceQuality "1"]
[WhiteTeam "Ostrava"]
[BlackTeam "Polabiny"]
[WhiteTeamCountry "CZE"]
[BlackTeamCountry "CZE"]

1. d4 Nf6 2. Nf3 g6 3. g3 Bg7 4. Bg2 0-0 5. 0-0 d6 6. Re1 Nbd7 7. e4 e5 8. Nc3 c6 9. h3 Re8 10. dxe5 dxe5 11. Be3 Qe7 12. Nd2 b5 13. Qc1 a5 14. Kh2 Nc5 15. Nb3 Ne6 16. a4 b4 17. Ne2 c5 18. Nd2 Ba6 19. c4 bxc3 20. bxc3 c4 21. Qc2 Nc5 22. Bf1 Rab8 23. Nc1 Rec8 24. Bxc4 Bxc4 25. Nxc4 Ncxe4 26. Nxa5 Nxc3 27. Na2 e4 28. Nxc3 Rxc3 29. Qa2 Ra8 30. Nc4 Nd5 31. Rad1 Nb4 32. Qe2 Nd3 33. Nb6 Rd8 34. Rf1 Bd4 35. Bxd4 Rxd4 36. Rb1 Qc7 37. Qe3 Nc5 38. Na8 Rxe3 39. Nxc7 Re2 40. a5 Ra2 41. a6 Kg7 42. a7 Rxa7 43. Nb5 Rad7 44. Nxd4 Rxd4 45. Kg2 f5 46. Rfd1 Nd3 47. Kf1 Rc4 48. Rd2 Kf6 49. Ke2 f4 50. Rb7 Rc1 51. Rxd3 exd3+ 52. Kxd3 fxg3 53. fxg3 h5 54. Ke3 Rf1 1/2-1/2